[Event "Queens Opening Play The Catalan Opening"]
[Site "SchemingMind.com"]
[Date "2009.03.01"]
[Round "-"]
[White "maro"]
[Black "Shanks"]
[Result "0-1"]
[WhiteCountry "MEX"]
[BlackCountry "ENG"]
[WhiteElo "1335"]
[WhiteRD "48"]
[BlackElo "1472"]
[BlackRD "70"]
[GameID "193917"]

1. d4 Nf6 2. c4 e6 3. Nc3 c5 4. Nf3 h6 5. g3 a6 6. Bh3 cxd4 7. Nxd4 Be7 8. O-O O-O 9. e4 e5 10. Nf5 Bc5
11. Na4 Ba7 12. b4 Nc6 13. Ba3 b5 14. cxb5 axb5 15. Nc5 Bxc5 16. Bb2 Bxb4 17. Nd6 Bxd6 18. Qxd6 Nxe4 19. Qd5 Nf6 20. Qxb5 Re8
21. Rfe1 Ra5 22. Qc4 Ba6 23. Qc2 Bb7 24. Bc3 Ra8 25. a4 d5 26. Bf5 d4 27. Bd2 d3 28. Bxd3 Nd4 29. Qa2 Nf3+ 30. Kf1 Qxd3+
31. Kg2 Nxe1+ 32. Kg1 Nf3+ 33. Kg2 Nxd2+ 34. Kh3 Bc8+
0-1

[Event "Queens Opening Play The Catalan Opening"]
[Site "SchemingMind.com"]
[Date "2009.02.26"]
[Round "-"]
[White "Shanks"]
[Black "maro"]
[Result "1-0"]
[WhiteCountry "ENG"]
[BlackCountry "MEX"]
[WhiteElo "1472"]
[WhiteRD "70"]
[BlackElo "1335"]
[BlackRD "48"]
[GameID "193918"]

1. d4 Nf6 2. c4 e6 3. a3 Bd6 4. e3 c5 5. Nf3 Ne4 6. dxc5 Bxc5 7. b4 Be7 8. g3 Bf6 9. Ra2 Bc3+ 10. Nxc3 Nxc3
11. Qd2 Nxa2 12. Qxa2 O-O 13. Bg2 Na6 14. O-O d5 15. c5 Re8 16. Bb2 Bd7 17. Ne5 Bb5 18. Re1 b6 19. cxb6 axb6 20. Nf3 Bc4
21. Qa1 Qd6 22. Be5 Qe7 23. Bxg7 Red8 24. Bf6 Qd6 25. Bxd8 Rxd8 26. Qf6 Nc7 27. Ne5 Ne8 28. Qg5+ Ng7 29. Nxc4 Qc7 30. Nd2 Rc8
31. Nf3
1-0

[Event "Queens Opening Play The Catalan Opening"]
[Site "SchemingMind.com"]
[Date "2009.03.07"]
[Round "-"]
[White "Aamaroun"]
[Black "Shanks"]
[Result "1-0"]
[WhiteCountry "CZE"]
[BlackCountry "ENG"]
[WhiteElo "1436"]
[WhiteRD "86"]
[BlackElo "1472"]
[BlackRD "70"]
[GameID "194903"]

1. d4 Nf6 2. Nf3 d5 3. c3 c6 4. Bg5 Nbd7 5. e3 Ne4 6. Nbd2 Nxg5 7. Nxg5 Nf6 8. g3 h6 9. Ngf3 e6 10. Bg2 Be7
11. b3 O-O 12. Rc1 c5 13. b4 c4 14. a3 b5 15. Ra1 a6 16. a4 Ne4 17. axb5 Nxc3 18. Qc2 Nxb5 19. O-O Bxb4 20. Rfb1 Qe7
21. Rf1 c3 22. Nb3 Na3 23. Qe2 Nb5 24. Na5 Bd7 25. Ne5 Be8 26. Qh5 f6 27. Nec6 Qd6 28. Qg4 f5 29. Qf4 Qd8 30. Nxb4 Nd6
31. Qf3 Ne4 32. Qe2 Bb5 33. Nd3 Qc8 34. Nb3 Bc4 35. Nbc1 a5 36. Qc2 Bb5 37. Rd1
1-0

[Event "Queens Opening Play The Catalan Opening"]
[Site "SchemingMind.com"]
[Date "2009.03.03"]
[Round "-"]
[White "Aamaroun"]
[Black "maro"]
[Result "0-1"]
[WhiteCountry "CZE"]
[BlackCountry "MEX"]
[WhiteElo "1318"]
[WhiteRD "105"]
[BlackElo "1340"]
[BlackRD "48"]
[GameID "194904"]

1. d4 Nf6 2. Bg5 e6 3. g3 Nc6 4. e3 h6 5. Bh4 g5 6. Nf3 gxh4 7. Nxh4 Ne4 8. Bg2 d5 9. O-O b6 10. Nd2 Ba6
11. Re1 Qd6 12. b3 O-O-O 13. f3 Nxg3 14. f4 Ne4 15. c4 dxc4 16. bxc4 Nc3 17. Qc2 Be7 18. Nhf3 Qb4 19. a3 Qa5 20. Ne5 Bh4
21. Nxc6 Qh5 22. Red1 Nxd1 23. Nxd8 Nxe3 24. Qd3 Nxg2 25. Kxg2 Rg8+ 26. Kf1 Kxd8 27. Qh7 Bxc4+ 28. Nxc4 Qf3#
0-1

[Event "Queens Opening Play The Catalan Opening"]
[Site "SchemingMind.com"]
[Date "2009.03.07"]
[Round "-"]
[White "Shanks"]
[Black "Aamaroun"]
[Result "0-1"]
[WhiteCountry "ENG"]
[BlackCountry "CZE"]
[WhiteElo "1447"]
[WhiteRD "72"]
[BlackElo "1425"]
[BlackRD "84"]
[GameID "194905"]

1. d4 d5 2. c4 c6 3. cxd5 cxd5 4. g3 e6 5. Bg2 Nc6 6. a3 g6 7. Nc3 Bg7 8. e3 Nf6 9. Nf3 b6 10. O-O Ba6
11. Re1 O-O 12. b4 Bb7 13. Bb2 a5 14. b5 Ne7 15. a4 Rc8 16. Ne5 Ne4 17. Nxe4 dxe4 18. Rb1 Bxe5 19. Qe2 Bg7 20. Red1 Bd5
21. Rbc1 Rxc1 22. Bxc1 Bb3 23. Rf1 Bxa4 24. Bxe4 Qd7 25. Bg2 Bxb5 26. Qe1 Bxf1 27. Bxf1 Nc6 28. Bb5 Qd5 29. Bf1 b5 30. Bg2 Qd6
31. Bd2 a4 32. d5 exd5 33. e4 d4 34. Bf4 Qc5 35. h4 b4 36. e5 Nxe5 37. Bd2 b3 38. Bb4 Nd3 39. Qd2 Qc1+ 40. Qxc1 Nxc1
41. Bxf8 Kxf8 42. Kf1 a3 43. f4 a2
0-1

[Event "Queens Opening Play The Catalan Opening"]
[Site "SchemingMind.com"]
[Date "2009.03.03"]
[Round "-"]
[White "maro"]
[Black "Aamaroun"]
[Result "0-1"]
[WhiteCountry "MEX"]
[BlackCountry "CZE"]
[WhiteElo "1340"]
[WhiteRD "48"]
[BlackElo "1318"]
[BlackRD "105"]
[GameID "194906"]

1. d4 d5 2. c4 e6 3. c5 Nf6 4. Nc3 Nc6 5. Qa4 Bd7 6. Nb5 a6 7. Nc3 Ng4 8. Nh3 Qf6 9. f3 Nxd4 10. Qb4 Nc2+
11. Kd1 Nxb4 12. Bg5 Nf2+ 13. Ke1 Nc2+ 14. Kxf2 Qd4+ 15. e3 Qd2+ 16. Ne2 Nxa1 17. g3 Bxc5 18. Bg2 Nc2 19. Nf4 Bxe3+ 20. Kf1 Qd1#
0-1

[Event "Queens Opening Play The Catalan Opening"]
[Site "SchemingMind.com"]
[Date "2009.03.09"]
[Round "-"]
[White "lame wolf"]
[Black "Shanks"]
[Result "0-1"]
[WhiteCountry "INT"]
[BlackCountry "ENG"]
[WhiteElo "1075"]
[WhiteRD "42"]
[BlackElo "1472"]
[BlackRD "70"]
[GameID "195003"]

1. d4 Nf6 2. c4 d6 3. g3 h6 4. Bg2 Nbd7 5. e3 e6 6. Ne2 Be7 7. b3 O-O 8. Bb2 e5 9. d5 Re8 10. e4 a6
11. O-O b5 12. Nd2 bxc4 13. Nxc4 Nc5 14. Bc3 Ncxe4 15. Ne3 Nxc3 16. Nxc3 Rb8 17. Bf3 Bh3 18. Bg2 Bxg2 19. Nxg2 Bf8 20. Rb1 e4
21. Qc2 Nd7 22. Nxe4 Ne5 23. Qe2 f5 24. Nc3 Qf6 25. Qxa6 Nf3+ 26. Kh1 Qxc3 27. Nf4 Nd2 28. Qd3 Qxd3 29. Nxd3 Nxb1
0-1

[Event "Queens Opening Play The Catalan Opening"]
[Site "SchemingMind.com"]
[Date "2009.03.04"]
[Round "-"]
[White "lame wolf"]
[Black "maro"]
[Result "0-1"]
[WhiteCountry "INT"]
[BlackCountry "MEX"]
[WhiteElo "1107"]
[WhiteRD "47"]
[BlackElo "1340"]
[BlackRD "48"]
[GameID "195004"]

1. d4 Nf6 2. g3 d5 3. Bg2 e6 4. Bg5 Bb4+ 5. c3 Bd6 6. Bxf6 Qxf6 7. Qd3 Nc6 8. Nf3 Bd7 9. c4 O-O 10. c5 Nb4
11. Qd2 Ba4 12. Qxb4 Bc2 13. Nc3 Rab8 14. O-O Be7 15. c6 bxc6 16. Qa5 Bb4 17. Qa6 Ra8 18. a3 Bd6 19. Qxc6 Rfe8 20. Nb5 Ba4
21. e3 a6 22. Nxc7 Bxc6 23. Nxe8 Bxe8 24. b4 Ba4 25. Rfc1 e5 26. dxe5 Bxe5 27. Ra2 Bb3 28. Rd2 g5 29. Rc5 g4 30. Nd4 Rd8
31. Nf3 Bd6 32. Ra5 Bc7 33. Rc5 Qa1+ 34. Bf1 gxf3 35. Rxc7 Qe1 36. Ra7 Qxd2 37. Rxa6 Bc4 38. Bxc4 Qd1+ 39. Bf1 d4 40. exd4 Rxd4
41. b5 Qe1 42. b6 Rd1
0-1

[Event "Queens Opening Play The Catalan Opening"]
[Site "SchemingMind.com"]
[Date "2009.03.04"]
[Round "-"]
[White "lame wolf"]
[Black "Aamaroun"]
[Result "0-1"]
[WhiteCountry "INT"]
[BlackCountry "CZE"]
[WhiteElo "1107"]
[WhiteRD "47"]
[BlackElo "1318"]
[BlackRD "105"]
[GameID "195005"]

1. d4 d5 2. e3 Nf6 3. Nc3 e6 4. Bd3 Bb4 5. Qe2 Nc6 6. Bd2 Nh5 7. Bb5 Bd7 8. Bxc6 Bxc6 9. Nf3 f6 10. O-O Qe7
11. a3 Bd6 12. b4 a6 13. a4 O-O 14. b5 Bd7 15. bxa6 Rxa6 16. e4 b6 17. Qxa6 Qe8 18. a5 Bb4 19. Qe2 Bxc3 20. Bxc3 Bb5
21. Qd2 Bxf1 22. Kxf1 bxa5 23. Bxa5 dxe4 24. Bxc7 exf3 25. g3 f5 26. Qb4 Qc6 27. Qc5 Qe4 28. Qe5 Nf6 29. Qxe4 fxe4 30. Ra6 Rc8
31. Rc6 Kf7 32. c4 Ne8 33. d5 Nxc7 34. dxe6+ Ke7 35. g4 Kd8 36. c5 Ra8 37. e7+ Ke8 38. Rxc7 Ra1#
0-1

[Event "Queens Opening Play The Catalan Opening"]
[Site "SchemingMind.com"]
[Date "2009.03.09"]
[Round "-"]
[White "Shanks"]
[Black "lame wolf"]
[Result "1-0"]
[WhiteCountry "ENG"]
[BlackCountry "INT"]
[WhiteElo "1472"]
[WhiteRD "70"]
[BlackElo "1075"]
[BlackRD "42"]
[GameID "195006"]

1. d4 b5 2. c3 e6 3. e4 Bb7 4. Nd2 d5 5. e5 a6 6. Ngf3 b4 7. cxb4 c6 8. a3 Ne7 9. Be2 g6 10. O-O h6
11. Nb3 Nd7 12. Nc5 Nxc5 13. bxc5 Bg7 14. b4 O-O 15. a4 a5 16. b5 cxb5 17. axb5 f6 18. exf6 Bxf6 19. Bxh6 Bg7 20. Bxg7 Rf7
21. Be5 Nf5 22. Qd2 Ne7 23. Ng5 Rf5 24. Nxe6 Qd7 25. Ng5 Raf8 26. c6 Bxc6 27. bxc6 Qxc6 28. f4 Ra8 29. Bg4 Rff8 30. Rf3 a4
31. Rh3
1-0

[Event "Queens Opening Play The Catalan Opening"]
[Site "SchemingMind.com"]
[Date "2009.03.04"]
[Round "-"]
[White "maro"]
[Black "lame wolf"]
[Result "1-0"]
[WhiteCountry "MEX"]
[BlackCountry "INT"]
[WhiteElo "1340"]
[WhiteRD "48"]
[BlackElo "1107"]
[BlackRD "47"]
[GameID "195007"]

1. d4 b6 2. c4 d5 3. c5 bxc5 4. dxc5 c6 5. Bd2 Nd7 6. b4 Rb8 7. Qa4 d4 8. Qxa7 Rb7 9. Qa6 Nb8 10. Qd3 e5
11. g3 Nf6 12. Bg2 Be7 13. b5 Rxb5 14. Bxc6+ Nxc6 15. Qxb5 Qd5 16. f3 Bxc5 17. Ba5 O-O 18. e4 Qd6 19. Bd2 Bd7 20. Qc4 Ra8
21. Ne2 Bb4 22. O-O Be6 23. Qb5 Bxd2 24. Qb7 Be3+ 25. Kh1 d3 26. Qxa8+ Nd8 27. Nec3 d2 28. Nxd2 Bxd2 29. Nb5 Qe7 30. Rfd1
1-0

[Event "Queens Opening Play The Catalan Opening"]
[Site "SchemingMind.com"]
[Date "2009.03.04"]
[Round "-"]
[White "Aamaroun"]
[Black "lame wolf"]
[Result "1-0"]
[WhiteCountry "CZE"]
[BlackCountry "INT"]
[WhiteElo "1318"]
[WhiteRD "105"]
[BlackElo "1107"]
[BlackRD "47"]
[GameID "195008"]

1. e4 d5 2. d3 dxe4 3. dxe4 e5 4. Bc4 Qxd1+ 5. Kxd1 Be6 6. Bxe6 fxe6 7. Nf3 Nf6 8. Re1 Bd6 9. Ng5 Nc6 10. Nc3 Bb4
11. Bd2 O-O-O 12. Nf7 Bxc3 13. bxc3 Ng4 14. Re2 Rde8 15. Nxh8 Rxh8 16. h3 Nf6 17. g4 h6 18. c4 Nd4 19. Re3 h5 20. gxh5 Nxh5
21. c3 Nc6 22. Kc2 b6 23. Rg1 Rf8 24. Rg5 Nf6 25. Rxg7 Kb7 26. Rf3 a5 27. Bh6 Ne8 28. Rgf7 Rxf7 29. Rxf7 Nd6 30. Rf3 Nxe4
31. h4 b5 32. cxb5 Ne7 33. Kd3 Nc5+ 34. Kc2 Kb6 35. c4 e4 36. Rg3 c6 37. Bf8 Nc8 38. Bxc5+ Kxc5 39. bxc6 Kxc4 40. c7 Kd5
41. Rg8 Na7 42. c8=Q
1-0

[Event "Queens Opening Play The Catalan Opening"]
[Site "SchemingMind.com"]
[Date "2009.03.06"]
[Round "-"]
[White "keen"]
[Black "lame wolf"]
[Result "1-0"]
[WhiteCountry "SCO"]
[BlackCountry "INT"]
[WhiteElo "1671"]
[WhiteRD "56"]
[BlackElo "1107"]
[BlackRD "47"]
[GameID "195244"]

1. d4 d5 2. c4 dxc4 3. Nf3 b5 4. a4 b4 5. e3 Be6 6. Nbd2 a5 7. Nxc4 Bxc4 8. Bxc4 e6 9. O-O c6 10. Ne5 Nh6
11. Qf3 Qf6 12. Qxf6 gxf6 13. Nf3 c5 14. Bb5+ Ke7 15. dxc5 f5 16. Rd1 Bg7 17. Nd4 Ra7 18. Ra2 Rd8 19. Rd2 e5 20. Nf3 Rxd2
21. Bxd2 e4 22. Ng5 f6 23. Nh3 Bf8 24. Nf4 Rc7 25. Nd5+ Ke6 26. Nxc7+ Ke7 27. Nd5+ Kf7 28. c6 Bc5 29. c7
1-0

[Event "Queens Opening Play The Catalan Opening"]
[Site "SchemingMind.com"]
[Date "2009.03.10"]
[Round "-"]
[White "keen"]
[Black "Shanks"]
[Result "1-0"]
[WhiteCountry "SCO"]
[BlackCountry "ENG"]
[WhiteElo "1654"]
[WhiteRD "58"]
[BlackElo "1472"]
[BlackRD "70"]
[GameID "195245"]

1. e4 d6 2. d4 Nd7 3. c4 g6 4. Nc3 Bg7 5. Nf3 c6 6. Be2 c5 7. O-O cxd4 8. Nxd4 e5 9. Nf3 Qc7 10. Be3 a6
11. a3 Ne7 12. Nd5 Nxd5 13. cxd5 O-O 14. Rc1 Qb8 15. Qd2 f5 16. Bh6 f4 17. Bxg7 Kxg7 18. Rc2 Nf6 19. Bd3 Nd7 20. b4 b5
21. Rfc1 Nb6 22. Ng5 Bd7 23. Rc7 Nc4 24. Rxd7+ Kh8 25. Rxh7+ Kg8 26. Bxc4 bxc4 27. Rxc4 f3 28. Rcc7 fxg2 29. Rcg7#
1-0

[Event "Queens Opening Play The Catalan Opening"]
[Site "SchemingMind.com"]
[Date "2009.03.05"]
[Round "-"]
[White "keen"]
[Black "maro"]
[Result "1-0"]
[WhiteCountry "SCO"]
[BlackCountry "MEX"]
[WhiteElo "1671"]
[WhiteRD "56"]
[BlackElo "1340"]
[BlackRD "48"]
[GameID "195246"]

1. d4 d5 2. c4 Nf6 3. Nc3 Be6 4. cxd5 Nxd5 5. e4 Nxc3 6. bxc3 c5 7. Nf3 Bg4 8. Be3 Nc6 9. Be2 Qa5 10. Qc2 e6
11. O-O Be7 12. h3 Bxf3 13. Bxf3 O-O 14. e5 cxd4 15. cxd4 Rfc8 16. Qe4 Rab8 17. Qg4 g6 18. Be4 h5 19. Qg3 Qd8 20. Rad1 Bh4
21. Qf3 Nb4 22. g3 Bg5 23. h4 Be7 24. Qe2 Rc2 25. Bxc2 Nxc2 26. Qxc2
1-0

[Event "Queens Opening Play The Catalan Opening"]
[Site "SchemingMind.com"]
[Date "2009.03.05"]
[Round "-"]
[White "keen"]
[Black "Aamaroun"]
[Result "1-0"]
[WhiteCountry "SCO"]
[BlackCountry "CZE"]
[WhiteElo "1671"]
[WhiteRD "56"]
[BlackElo "1318"]
[BlackRD "105"]
[GameID "195247"]

1. d4 d5 2. c4 dxc4 3. Nf3 b6 4. e3 Nf6 5. Bxc4 e6 6. Nc3 Bb4 7. O-O Nbd7 8. a3 Bxc3 9. bxc3 Bb7 10. a4 a5
11. Ba3 Ne4 12. Qd3 h6 13. Nd2 Ndf6 14. Nxe4 Bxe4 15. Bb5+ Qd7 16. Bxd7+ Kxd7 17. Qb5+ Bc6 18. Qe5
1-0

[Event "Queens Opening Play The Catalan Opening"]
[Site "SchemingMind.com"]
[Date "2009.03.06"]
[Round "-"]
[White "lame wolf"]
[Black "keen"]
[Result "0-1"]
[WhiteCountry "INT"]
[BlackCountry "SCO"]
[WhiteElo "1107"]
[WhiteRD "47"]
[BlackElo "1671"]
[BlackRD "56"]
[GameID "195248"]

1. Nf3 Nf6 2. d4 g6 3. e3 Bg7 4. Bd3 O-O 5. e4 d6 6. Be3 Nc6 7. c4 e5 8. d5 Ne7 9. O-O Bd7 10. Bg5 Bg4
11. Bxf6 Bxf6 12. Qd2 Nc8 13. Nc3 Bxf3 14. g3 Bg5 15. Qc2 Bf4 16. gxf4 Qh4 17. Be2 Qg4#
0-1

[Event "Queens Opening Play The Catalan Opening"]
[Site "SchemingMind.com"]
[Date "2009.03.09"]
[Round "-"]
[White "Shanks"]
[Black "keen"]
[Result "0-1"]
[WhiteCountry "ENG"]
[BlackCountry "SCO"]
[WhiteElo "1472"]
[WhiteRD "70"]
[BlackElo "1654"]
[BlackRD "58"]
[GameID "195249"]

1. d4 d5 2. c3 Bf5 3. Nd2 e6 4. e3 c5 5. dxc5 Bxc5 6. Nb3 Bd6 7. Nf3 Nd7 8. Be2 Ngf6 9. O-O O-O 10. Nbd2 Qe7
11. c4 dxc4 12. Nxc4 Bc5 13. Ncd2 Rfd8 14. Nb3 Ne5 15. Qe1 Nxf3+ 16. Bxf3 Bb4 17. Nd2 Bd3 18. Be2 Ne4 19. Bxd3 Rxd3 20. Qe2 Nc5
21. Rd1 Rad8 22. a3 Nb3 23. Nxb3 Rxd1+ 24. Qf1 Rxf1+ 25. Kxf1 Rd1+ 26. Ke2 Re1+ 27. Kf3 Qf6+ 28. Kg3 Bd6+ 29. f4 Qg6+ 30. Kf2 Rd1
31. Nd2 Qc2 32. Kf3 Rxc1 33. Ne4 Rxa1 34. Nxd6 Qxb2 35. Ne4 Rf1+ 36. Kg3 Rg1 37. Ng5 Qxg2+ 38. Kh4 Qg4#
0-1

[Event "Queens Opening Play The Catalan Opening"]
[Site "SchemingMind.com"]
[Date "2009.03.05"]
[Round "-"]
[White "maro"]
[Black "keen"]
[Result "0-1"]
[WhiteCountry "MEX"]
[BlackCountry "SCO"]
[WhiteElo "1340"]
[WhiteRD "48"]
[BlackElo "1671"]
[BlackRD "56"]
[GameID "195250"]

1. e4 e5 2. d4 Nc6 3. d5 Nce7 4. d6 Nc6 5. Bc4 Bxd6 6. Qd5 Qe7 7. Nf3 Nf6 8. Bg5 Nxd5 9. Bxe7 Ndxe7 10. O-O O-O
11. Ng5 b6 12. Nc3 Nd4 13. Nd5 Nxd5 14. Bxd5 c6 15. Bc4 Be7
0-1

[Event "Queens Opening Play The Catalan Opening"]
[Site "SchemingMind.com"]
[Date "2009.03.05"]
[Round "-"]
[White "Aamaroun"]
[Black "keen"]
[Result "0-1"]
[WhiteCountry "CZE"]
[BlackCountry "SCO"]
[WhiteElo "1318"]
[WhiteRD "105"]
[BlackElo "1671"]
[BlackRD "56"]
[GameID "195251"]

1. e4 c5 2. Bc4 e6 3. d3 Nc6 4. Nf3 a6 5. a4 Nf6 6. e5 Ng4 7. Ng5 Ngxe5 8. O-O Nxc4 9. dxc4 Be7 10. Qg4 Ne5
11. Qf4 Bf6 12. Ne4 Ng6 13. Qg3 Be5 14. Qf3 O-O 15. Nbc3 Qh4 16. Bg5 Qxh2#
0-1

[Event "Queens Opening Play The Catalan Opening"]
[Site "SchemingMind.com"]
[Date "2009.03.08"]
[Round "-"]
[White "vinz"]
[Black "lame wolf"]
[Result "1-0"]
[WhiteCountry "FRA"]
[BlackCountry "INT"]
[WhiteElo "1741"]
[WhiteRD "75"]
[BlackElo "1107"]
[BlackRD "47"]
[GameID "195595"]

1. e4 d5 2. exd5 Qxd5 3. Nc3 Qd8 4. Nf3 e6 5. Bb5+ Bd7 6. O-O c6 7. Ba4 b5 8. Bb3 b4 9. Na4 c5 10. d4 Bd6
11. dxc5 Bc7 12. Bd2 a5 13. c3 Nc6 14. cxb4 Nge7 15. Qc2 Ne5 16. Nxe5 Bxe5 17. Nb6 Bb5 18. Rfd1 Rb8 19. Bf4 Qc7 20. Bxe5 Qxe5
21. Qd2 f5 22. bxa5 Nd5 23. Nxd5 Rd8 24. Rac1 Be2 25. Nc7+ Qxc7 26. Qxe2 Kf7 27. Qxe6+ Kf8 28. Rxd8+ Qxd8 29. Qf7#
1-0

[Event "Queens Opening Play The Catalan Opening"]
[Site "SchemingMind.com"]
[Date "2009.03.08"]
[Round "-"]
[White "vinz"]
[Black "keen"]
[Result "1-0"]
[WhiteCountry "FRA"]
[BlackCountry "SCO"]
[WhiteElo "1741"]
[WhiteRD "75"]
[BlackElo "1671"]
[BlackRD "56"]
[GameID "195596"]

1. d4 d5 2. c4 Nf6 3. Nc3 e6 4. Nf3 c5 5. e3 Nc6 6. b3 Be7 7. Bb2 O-O 8. Qc2 Bd7 9. Bd3 Rc8 10. Ng5 g6
11. O-O-O cxd4 12. Ne2 Ng4 13. Nh3 Nge5 14. exd4 Nxd3+ 15. Qxd3 Nb4 16. Qd2 Nxa2+ 17. Kb1 Bb4 18. Qh6 Qa5 19. Ng5
1-0

[Event "Queens Opening Play The Catalan Opening"]
[Site "SchemingMind.com"]
[Date "2009.03.09"]
[Round "-"]
[White "vinz"]
[Black "Shanks"]
[Result "1-0"]
[WhiteCountry "FRA"]
[BlackCountry "ENG"]
[WhiteElo "1759"]
[WhiteRD "86"]
[BlackElo "1447"]
[BlackRD "72"]
[GameID "195597"]

1. d4 Nf6 2. c4 e6 3. g3 Be7 4. Bg2 c6 5. e4 O-O 6. Nc3 d6 7. Nge2 Nbd7 8. O-O d5 9. cxd5 cxd5 10. e5 Ne8
11. Nf4 Nb6 12. Re1 a6 13. b3 Nd7 14. Qg4 Bg5 15. h4 Be7 16. Nh5 g6 17. Bh6 Kh8 18. Bxf8 Nxf8 19. Nf4 Ng7 20. h5 g5
21. Nh3 h6 22. f4 Nf5 23. fxg5 hxg5 24. Bf1 Nh6 25. Qd1 b5 26. Kh2 b4 27. Ne2 a5 28. Neg1 g4 29. Nf4 f5 30. Qd2 Bg5
31. a3 Bd7 32. axb4 axb4 33. Rxa8 Qxa8 34. Qxb4 Qd8 35. Qxf8+ Qxf8= 36. Ng6+ Kg8 37. Nxf8 Kxf8 38. Ba6 Kg7 39. b4 Nf7 40. b5 Kh6
41. b6 Kxh5 42. b7 Kg6 43. b8=Q Kg7 44. Bc8 Bxc8 45. Qxc8 Bd2 46. Re2 Bg5 47. Qxe6 Nh6 48. Qxd5 f4 49. gxf4 Bxf4+ 50. Kg2 Nf5
51. e6 Ne3+ 52. Rxe3 Bxe3 53. e7 Bxg1 54. e8=Q
1-0

[Event "Queens Opening Play The Catalan Opening"]
[Site "SchemingMind.com"]
[Date "2009.03.09"]
[Round "-"]
[White "vinz"]
[Black "maro"]
[Result "1-0"]
[WhiteCountry "FRA"]
[BlackCountry "MEX"]
[WhiteElo "1741"]
[WhiteRD "75"]
[BlackElo "1340"]
[BlackRD "48"]
[GameID "195598"]

1. e4 d5 2. exd5 Qxd5 3. Nc3 Qe6+ 4. Be2 Nc6 5. d4 Nb4 6. Nf3 Nf6 7. O-O Bd7 8. Nb5 O-O-O 9. Nxa7+ Kb8 10. Be3 Nbd5
11. Ng5 Qf5 12. Nxf7 Kxa7 13. Nxd8 e5 14. dxe5+ Kb8 15. Nf7 Rg8 16. exf6 Qxf6 17. Qxd5 Be6 18. Qd8+ Qxd8 19. Nxd8
1-0

[Event "Queens Opening Play The Catalan Opening"]
[Site "SchemingMind.com"]
[Date "2009.03.08"]
[Round "-"]
[White "vinz"]
[Black "Aamaroun"]
[Result "1-0"]
[WhiteCountry "FRA"]
[BlackCountry "CZE"]
[WhiteElo "1741"]
[WhiteRD "75"]
[BlackElo "1318"]
[BlackRD "105"]
[GameID "195599"]

1. e4 e5 2. Nf3 Nc6 3. Bb5 Bc5 4. c3 a6 5. Ba4 b5 6. Bb3 Nf6 7. d3 d6 8. Bg5 b4 9. d4 Bb6 10. Nbd2 h6
11. Bh4 Bg4 12. Qc2 O-O 13. O-O Qd7 14. Rad1 exd4 15. cxd4 Nxd4 16. Qc4 Nb5 17. e5 dxe5 18. Nxe5 Qe7 19. Nxg4 Nd6 20. Nxf6+ Qxf6
21. Bxf6 Nxc4 22. Nxc4 gxf6 23. Nxb6 Rad8 24. Rxd8 Rxd8 25. Nd5 c6 26. Nxf6+ Kg7 27. Nh5+
1-0

[Event "Queens Opening Play The Catalan Opening"]
[Site "SchemingMind.com"]
[Date "2009.03.08"]
[Round "-"]
[White "lame wolf"]
[Black "vinz"]
[Result "0-1"]
[WhiteCountry "INT"]
[BlackCountry "FRA"]
[WhiteElo "1107"]
[WhiteRD "47"]
[BlackElo "1741"]
[BlackRD "75"]
[GameID "195600"]

1. d4 Nf6 2. c4 e6 3. e3 c5 4. d5 d6 5. Nc3 Nbd7 6. Be2 Be7 7. Qd3 Ne5 8. Qd1 O-O 9. e4 exd5 10. exd5 Bg4
11. Bxg4 Nfxg4 12. Nh3 Re8 13. b3 Bh4 14. Ne4 f5 15. Nc3 Nf3+ 16. Kf1 Re1+ 17. Qxe1 Nxe1 18. Bf4 Nd3 19. g3 Bf6 20. Nb5 Nxf4
21. gxf4 Bxa1 22. Kg2 Bd4 23. Rd1 Qe7 24. Kg3 h6 25. f3 Qe2 26. Nc7 Bf2+ 27. Nxf2 Qxf2+ 28. Kh3 Qxh2#
0-1

[Event "Queens Opening Play The Catalan Opening"]
[Site "SchemingMind.com"]
[Date "2009.03.08"]
[Round "-"]
[White "keen"]
[Black "vinz"]
[Result "0-1"]
[WhiteCountry "SCO"]
[BlackCountry "FRA"]
[WhiteElo "1671"]
[WhiteRD "56"]
[BlackElo "1741"]
[BlackRD "75"]
[GameID "195601"]

1. d4 Nf6 2. c4 e6 3. Nf3 d5 4. Nc3 c6 5. Bg5 Be7 6. e3 Nbd7 7. Bd3 dxc4 8. Bxc4 Nb6 9. Bb3 Qc7 10. O-O Bd7
11. Ne5 h6 12. Bh4 g5 13. Bg3 Bd6 14. Qf3 Ke7 15. h4 Rag8 16. Ne4 Nxe4 17. Qxe4 f5 18. Qd3 Be8 19. f4 Nd5 20. Nc4 gxf4
21. Nxd6 Rxg3 22. Nxe8 Rxe8 23. Rae1 Reg8 24. Rf2 Nxe3 25. Ree2 Qd6 26. Kh1 R8g4
0-1

[Event "Queens Opening Play The Catalan Opening"]
[Site "SchemingMind.com"]
[Date "2009.03.09"]
[Round "-"]
[White "Shanks"]
[Black "vinz"]
[Result "0-1"]
[WhiteCountry "ENG"]
[BlackCountry "FRA"]
[WhiteElo "1472"]
[WhiteRD "70"]
[BlackElo "1759"]
[BlackRD "84"]
[GameID "195602"]

1. d4 Nf6 2. c4 e6 3. a3 Be7 4. e3 O-O 5. g3 d5 6. cxd5 exd5 7. Bg2 Be6 8. Nf3 Qd7 9. O-O Bh3 10. Ne5 Qe6
11. Re1 Bxg2 12. Kxg2 Nbd7 13. Nd3 Ne4 14. f3 Ng5 15. g4 Qh6 16. Nf2 f5 17. f4 Bd6 18. gxf5 Rxf5 19. Qg4 Raf8 20. Nc3 Ne6
21. Nb5 Rg5 22. Nxd6 Rxg4+ 23. Nxg4 Qh4 24. Rg1 Qxg4+ 25. Kh1 Qf3+ 26. Rg2 cxd6 27. Bd2 Rf6 28. Rc1 Rg6 29. Rc8+ Kf7
0-1

[Event "Queens Opening Play The Catalan Opening"]
[Site "SchemingMind.com"]
[Date "2009.03.09"]
[Round "-"]
[White "maro"]
[Black "vinz"]
[Result "0-1"]
[WhiteCountry "MEX"]
[BlackCountry "FRA"]
[WhiteElo "1340"]
[WhiteRD "48"]
[BlackElo "1741"]
[BlackRD "75"]
[GameID "195603"]

1. d4 Nf6 2. d5 d6 3. c4 g6 4. Qa4+ Bd7 5. Qd1 Bg7 6. Nf3 O-O 7. g3 Bf5 8. Bg2 Qd7 9. Nh4 Be4 10. Bxe4 Nxe4
11. Be3 c6 12. Nd2 Nf6 13. O-O cxd5 14. Rc1 dxc4 15. Nxc4 Nc6 16. Nf3 d5 17. Nfe5 Nxe5 18. Nxe5 Qe6 19. f4 Ng4 20. Bd4 Nxe5
21. fxe5 Qg4 22. e3 Qxd1 23. Rcxd1 a6 24. h4 Rac8 25. e6 f6 26. h5= Rc6 27. hxg6 hxg6 28. Rde1 Rxe6 29. e4 dxe4 30. g4 f5
0-1

[Event "Queens Opening Play The Catalan Opening"]
[Site "SchemingMind.com"]
[Date "2009.03.08"]
[Round "-"]
[White "Aamaroun"]
[Black "vinz"]
[Result "0-1"]
[WhiteCountry "CZE"]
[BlackCountry "FRA"]
[WhiteElo "1318"]
[WhiteRD "105"]
[BlackElo "1741"]
[BlackRD "75"]
[GameID "195604"]

1. d4 Nf6 2. Nf3 e6 3. e3 g6 4. Bd3 Bg7 5. c4 d5 6. cxd5 Nxd5 7. Nbd2 Nd7 8. Bb5 O-O 9. g3 c5 10. h4 N7f6
11. Ne5 cxd4 12. exd4 h5 13. Ndf3 Qa5+ 14. Bd2 Qxb5 15. Rc1 Qxb2 16. O-O a6 17. Qa4 b5 18. Qb3 Qxb3 19. axb3 Bb7 20. Ng5 Rac8
21. Ngxf7 Rxf7
0-1

[Event "Queens Opening Play The Catalan Opening"]
[Site "SchemingMind.com"]
[Date "2009.03.11"]
[Round "-"]
[White "ajedrez perfecto"]
[Black "maro"]
[Result "0-1"]
[WhiteCountry "BAH"]
[BlackCountry "MEX"]
[WhiteElo "1328"]
[WhiteRD "72"]
[BlackElo "1353"]
[BlackRD "49"]
[GameID "196083"]

1. Nf3 Nc6 2. g3 d6 3. Bg2 Qd7 4. O-O Nh6 5. d3 g6 6. Nbd2 Bg7 7. e4 Nd4 8. c3 Nxf3+ 9. Nxf3 e5 10. h3 b6
0-1